| 000 | 00484nam a2200205Ia 4500 | ||
|---|---|---|---|
| 003 | LK-CoDNM | ||
| 005 | 20240926151204.0 | ||
| 008 | 010623t1930 xxu||||| |||| 00| 1 eng d | ||
| 040 |
_aLK-CoDNM _dLK-CoDNM _eLK-CoDNM |
||
| 041 | _aeng | ||
| 080 |
_a24 _bF31 |
||
| 100 | _aQueyroz,Fernao De. | ||
| 245 | _aConquest of Ceylon | ||
| 260 | _c1930 | ||
| 300 | _b810p. ; 25 cm | ||
| 650 | _aConquest of Ceylon | ||
| 650 | _a24 F31 | ||
| 650 | _aQueyroz,Fernao De | ||
| 942 | _cBK | ||
| 999 |
_c95161 _d95161 |
||